000 01579cam a2200349 a 4500
001 EDZ0000018926
003 StDuBDS
005 20161031105205.0
006 m||||||||d||||||||
007 cr |||||||||||
008 110110s2008 caua fo 001|0|eng|d
020 _a9781412990301 (ebook) :
_cNo price
040 _aStDuBDS
_beng
_cStDuBDS
_epn
049 _aAlfaisal Main Library
050 4 _aHM1166
082 0 4 _a302.2
_222
245 0 0 _aStudies in applied interpersonal communication
_h[electronic resource] /
_cMichael T. Motley, editor.
260 _aLos Angeles, [Calif.] ;
_aLondon :
_bSAGE,
_cc2008.
300 _a1 online resource (xi, 319 p.) :
_bill.
520 8 _aAn edited volume of original studies on interpersonal communication, this book yields practical discoveries and conclusions that will be useful to everyday communicators. Each chapter offers a solution to a common communication problem highlighting the efficacy of applied research.
521 _aSpecialized.
588 _aDescription based on print version record.
504 _aIncludes bibliographical references and index.
650 0 _aInterpersonal communication.
655 7 _aElectronic books.
_2local
700 1 _aMotley, Michael T.
710 2 _aSage eBooks
776 0 8 _iPrint version :
_z9781412942164
856 4 0 _3SAGE research methods
_uhttp://methods.sagepub.com/book/studies-in-applied-interpersonal-communication
856 4 0 _uhttp://ezproxy.alfaisal.edu/login?url=http://sk.sagepub.com/books/studies-in-applied-interpersonal-communication
942 _2lcc
_cEBOOKS
999 _c481341
_d481341